| 000 | 00571cam a22001932 4500 | ||
|---|---|---|---|
| 001 | 0000024634 | ||
| 005 | 20151217160604.0 | ||
| 008 | 140121s xx 000 0 eng d | ||
| 020 | _a9966320834 | ||
| 040 |
_aKABU _cKABU |
||
| 245 | 1 | 0 |
_aBR Practice and revision kit - taxation : _bATC paper no. 9. |
| 250 | _a2nd ed. | ||
| 260 |
_aNairobi : _bBR Professional Education, _c2013. |
||
| 300 | _axviii, 2009 p. | ||
| 650 | 0 |
_aTaxation _zKenya. _@0000152741 |
|
| 852 | 1 | _9p1600 KES | |
| 908 | _a140121 | ||
| 950 | _@1 | ||
| 999 |
_c14775 _d14775 |
||